Rural development and social forestry with special refernce to Madhya Pradesh (Record no. 501350)

000 -LEADER
fixed length control field 00464cam a22001337a 4500
008 - FIXED-LENGTH DATA ELEMENTS--GENERAL INFORMATION
fixed length control field 180718b1984 xxu||||| |||| 00| 0 eng d
082 ## - DEWEY DECIMAL CLASSIFICATION NUMBER
Classification number APPPA 83-84 BHA/P
100 ## - MAIN ENTRY--PERSONAL NAME
Personal name Prasad, Bharti
245 ## - TITLE STATEMENT
Title Rural development and social forestry with special refernce to Madhya Pradesh
Statement of responsibility, etc. by Bharti Prasad
260 ## - PUBLICATION, DISTRIBUTION, ETC.
Place of publication, distribution, etc. New Delhi
Name of publisher, distributor, etc. Indian Institute of Public Administration
Date of publication, distribution, etc. 1984
300 ## - PHYSICAL DESCRIPTION
Extent 107p.
650 ## - SUBJECT ADDED ENTRY--TOPICAL TERM
Topical term or geographic name entry element Social forestry-Madhya Pradesh
650 ## - SUBJECT ADDED ENTRY--TOPICAL TERM
Topical term or geographic name entry element Rural development
Holdings
Withdrawn status Lost status Damaged status Not for loan Permanent Location Current Location Date acquired Full call number Barcode Date last seen Price effective from Koha item type
        Indian Institute of Public Administration Indian Institute of Public Administration 2018-08-04 APPPA 83-84 BHA/P GR11377 2018-08-04 2018-08-04 GR

Powered by Koha